000 00753nam a2200253 a 4500
001 55700
003 BD-RjUL
005 20211209080313.0
008 161121s2003 ii a b 000 0 eng
020 _a8176484091
035 _a(BD-RjUL)55824
040 _aDLC
_cDLC
_dBD-RjUL
_beng
041 _aeng
082 _223
_a398.01
_bPUB 2003
100 0 _aPūrṇadāsa Bāula.
_9165899
245 1 0 _aBāul philosophy /
_cBaul Samrat Purna Das, Selina Thielemann.
260 _aNew Delhi :
_bA.P.H. Pub. Co.,
_c2003.
300 _aiii, 540 p. :
_bill. ;
_c24 cm.
504 _aIncludes bibliographical references.
650 0 _aBauls
_xDoctrines.
_9165900
700 1 _aThielemann, Selina.
_9165901
942 _2ddc
_cBK
999 _c55700
_d55700